| 000 | 00496nam a2200205Ia 4500 | ||
|---|---|---|---|
| 003 | GCL | ||
| 008 | 140319s9999 xx 000 0 eng d | ||
| 040 |
_aGCL / _cGCL |
||
| 082 | 0 | 4 |
_a949.5 _bG C |
| 100 | 1 | _aGILES, FRANT | |
| 245 | 1 | 0 |
_aCORFU: THE GARDEN ISLE / _cGILES, FRANT |
| 700 | 1 | _aFLAMBURUARI, SPIRO | |
| 260 |
_a[S.N] : _bJOHN MURRAY ، _c1994 |
||
| 300 | _a289 P | ||
| 650 | 0 | 4 | _aCORFU |
| 650 | 0 | 4 | _aTRADITION |
| 650 | 0 | 4 | _aCUSTOMS |
| 650 | 0 | 4 | _aGREECE HISTORY |
| 942 |
_2ddc _cBK |
||
| 999 |
_c12336 _d12336 |
||